MAGNETISM / (Record no. 204447)

MARC details
000 -LEADER
fixed length control field 01268nam a2200337 ia4500
003 - CONTROL NUMBER IDENTIFIER
control field OSt
005 - DATE AND TIME OF LATEST TRANSACTION
control field 20260525130121.0
008 - FIXED-LENGTH DATA ELEMENTS--GENERAL INFORMATION
fixed length control field 260525t20252025nyuoa br 001 0 eng d
020 ## - INTERNATIONAL STANDARD BOOK NUMBER
International Standard Book Number 9781510567016
Terms of availability RM137.50
Qualifying information hardback
040 ## - CATALOGING SOURCE
Original cataloging agency PPAK
Language of cataloging eng
Transcribing agency PPAK
Description conventions rda
082 04 - DEWEY DECIMAL CLASSIFICATION NUMBER
Classification number 538
Edition number 23
090 00 - LOCALLY ASSIGNED LC-TYPE CALL NUMBER (OCLC); LOCAL CALL NUMBER (RLIN)
Classification number (OCLC) (R) ; Classification number, CALL (RLIN) (NR) 538
Feature heading GOL
Feature heading K
100 1# - MAIN ENTRY--PERSONAL NAME
Personal name Goldsworthy, Kaite,
Relator term author.
245 10 - TITLE STATEMENT
Title MAGNETISM /
Statement of responsibility, etc. KAITE GOLDSWORTHY
264 #1 - PRODUCTION, PUBLICATION, DISTRIBUTION, MANUFACTURE, AND COPYRIGHT NOTICE
Place of production, publication, distribution, manufacture New York :
Name of producer, publisher, distributor, manufacturer Lightbox Learning Inc.,
Date of production, publication, distribution, manufacture, or copyright notice [2025?]
Date of production, publication, distribution, manufacture, or copyright notice ©2025
300 ## - PHYSICAL DESCRIPTION
Extent 24 pages :
Other physical details colour photographs, colour illustrations ;
Dimensions 26 cm
336 ## - CONTENT TYPE
Content type term text
Source rdacontent
337 ## - MEDIA TYPE
Media type term unmediated
Source rdamedia
338 ## - CARRIER TYPE
Carrier type term volume
Source rdacarrier
490 1# - SERIES STATEMENT
Series statement THE BEGINNER'S GUIDE TO PHYSICS
500 ## - GENERAL NOTE
General note Includes index.
520 ## - SUMMARY, ETC.
Summary, etc. "Magnets are objects that produce an invisible field of forces called a magnetic field. This field affects all magnetic objects and materials within it. Magnetism is created by the movement of electric charges."
521 ## - TARGET AUDIENCE NOTE
Target audience note Ages 6.
650 10 - SUBJECT ADDED ENTRY--TOPICAL TERM
Topical term or geographic name entry element Magnetism
Form subdivision Juvenile literature
Topical term or geographic name entry element Motion
Form subdivision Juvenile literature
Topical term or geographic name entry element Science
Form subdivision Juvenile literature
Topical term or geographic name entry element Science for children
830 #0 - SERIES ADDED ENTRY--UNIFORM TITLE
Uniform title The beginner's guide to Physics
942 ## - ADDED ENTRY ELEMENTS (KOHA)
Source of classification or shelving scheme Dewey Decimal Classification
Koha item type Book

No items available.